000 01426 a2200433 4500
001 1141713
003 0000
005 20260313123725.0
008 950404s1996 paua b 001 0 eng c
010 _a 95002835
020 _a9781975221133
035 _a1141713
040 _aDNLM/DLC
_cDLC
_dDLC
_erda
050 0 0 _aRT 41 .T46
082 0 0 _a610.73
_220
100 _a Hinkle Janice L.
245 0 0 _aBrunner and Suddarth's textbook of medical-surgical nursing.
_cJanice L. Hinkle et al.
246 3 0 _aTextbook of medical-surgical nursing
246 3 0 _aMedical-surgical nursing
250 _a16th ed.
264 _aPhiladelphia :
_bWolters Kluwer
_c2026
300 _axxiii, 2022p. ill.
336 _atext
_btxt
_2rdacontent
337 _aunmediated
_bn
_2rdamedia
338 _avolume
_bnc
_2rdacarrier
504 _aIncludes bibliographical references and index.
650 0 _aNursing.
650 0 _aSurgical nursing.
650 1 2 _aNursing Care.
650 2 2 _aSurgical Nursing.
700 1 _aBrunner, Lillian Sholtis.
700 1 _aSuddarth, Doris Smith.
700 1 _aSmeltzer, Suzanne C. O'Connell.
700 1 _aBare, Brenda G.
906 _a7
_bcbc
_corignew
_d1
_eocip
_f19
_gy-gencatlg
942 _2lcc
_cBK
999 _c44134
_d44134